Periodontology for the dental hygienist (Registro nro. 90007)

Detalles MARC
000 -ENCABEZADO
Número de control [NR] 00854nam a22002417a 4500
008 - DE LONGITUD FIJA DE DATOS DE ELEMENTOS - INFORMACIÓN GENERAL
Elementos de longitud fija [NR] 130821s2001 xxua gr eng
020 ## - NUMERO INTERNACIONAL NORMALIZADO PARA LIBROS [R]
Número Internacional Normalizado del libro [NR] 07216 85595
040 ## - FUENTE DE CATALOGACION [NR]
Agencia de catalogación original [NR] Co-BoUCM
Idioma de catalogación [NR] spa
041 00 - CODIGO DE IDIOMA [R]
Código de idioma para texto/pista de sonido o título separado [R] Inglés
060 10 - SIGNATURA TOPOGRAFICA DE LA BIBLIOTECA NACIONAL DE MEDICINA (NLM) [R]
Número clasificador [R] WU 240
-- 5
245 00 - MENCION DE TITULO [NR]
Título [NR] Periodontology for the dental hygienist
Mención de responsabilidad, etc. [NR] editado por Dorothy A. Perry, Phyllis L. Beemsterboer, Edward J. Taggaart
250 ## - MENCION DE EDICION [NR]
Mención de edición [NR] 2a. ed.
260 ## - PUBLICACION, DISTRIBUCION, ETC. (PIE DE IMPRENTA) [R]
Lugar de publicación, distribución, etc. [R] Filadelfia (Pensilvania, Estados Unidos)
Nombre del editor, distribuidor, etc. [R] W.B. Saunders
Fecha de publicación, distribución, etc. [R] c2001
300 ## - DESCRIPCION FISICA [R]
Extensión [R] xvi, 383 páginas
Otros detalles físicos [NR] ilustraciones
504 ## - NOTA DE BIBLIOGRAFIA, ETC. [R]
Nota de bibliografía, etc. [NR]
650 04 - ASIENTO SECUNDARIO DE MATERIA - TERMINO TEMATICO [R]
Término temático o nombre geográfico como elemento de entrada [NR] Enfermedades periodontales
9 (RLIN) 14445
650 04 - ASIENTO SECUNDARIO DE MATERIA - TERMINO TEMATICO [R]
Término temático o nombre geográfico como elemento de entrada [NR] Higienistas dentales
9 (RLIN) 16837
650 04 - ASIENTO SECUNDARIO DE MATERIA - TERMINO TEMATICO [R]
Término temático o nombre geográfico como elemento de entrada [NR] Periodoncia
9 (RLIN) 21378
700 1# - ASIENTO SECUNDARIO - NOMBRE PERSONAL [R]
Nombre personal [NR] Beemsterboer, Phyllis.
700 1# - ASIENTO SECUNDARIO - NOMBRE PERSONAL [R]
Nombre personal [NR] Perry, Dorothy A.
700 1# - ASIENTO SECUNDARIO - NOMBRE PERSONAL [R]
Nombre personal [NR] Taggart, Edward J.
942 ## - ELEMENTOS DE ENTRADA AGREGADOS (KOHA)
Tipo de ítem principal el descrito en 300a Libro
Tema principal Medicina
Edición 2
Parte restante de la signatura top. P462P
Sistema de clasificación NLM
Clasificación WU 240
Existencias
Total préstamos Signatura topográfica Código de barras Última vez visto Volúmen / Fascículo Ejemplar Price effective from Tipo de ítem Perdido Sistema de clasificación Dañado No prestable Tipo de ítem específico Suprimido Ubicación habitual Ubicación actual Localización Fecha de creación Forma de adquisición Costo
  WU 240 P462P 200009685 01/12/2025 2A. ED. Ej.1 03/02/2013 Libro   NLM     Libro   Hospital Universitario Mayor Hospital Universitario Mayor 9no piso 28/02/2004 Donación 26500.00
  WU 240 P462P 200009684 01/12/2025 2A. ED. Ej.2 03/02/2013 Libro   NLM     Libro   Hospital Universitario Mayor Hospital Universitario Mayor 9no piso 28/02/2004 Donación 26500.00